Music and science / (Record no. 52624)

MARC details
000 -LEADER
fixed length control field 00624nam a2200241Ia 4500
005 - DATE AND TIME OF LATEST TRANSACTION
control field 20260429112143.0
008 - FIXED-LENGTH DATA ELEMENTS--GENERAL INFORMATION
fixed length control field 260429s9999||||xx |||||||||||||| ||und||
020 ## - INTERNATIONAL STANDARD BOOK NUMBER
International Standard Book Number 9781032277066
041 ## - LANGUAGE CODE
Language English
082 ## - DEWEY DECIMAL CLASSIFICATION NUMBER
Classification number 780.721
Item number EER
100 ## - MAIN ENTRY--PERSONAL NAME
Personal name Eerola, Tuomas
245 #0 - TITLE STATEMENT
Title Music and science /
Statement of responsibility, etc Tuomas Eerola
250 ## - EDITION STATEMENT
Edition statement 1st ed.
260 ## - PUBLICATION, DISTRIBUTION, ETC. (IMPRINT)
Place of publication, distribution, etc London :
Name of publisher, distributor, etc Routledge,
Date of publication, distribution, etc 2025.
300 ## - PHYSICAL DESCRIPTION
Extent xxii, 275 p.; pbk
440 ## - SERIES STATEMENT/ADDED ENTRY--TITLE
Title SEMPRE studies in the psychology of music
650 ## - SUBJECT ADDED ENTRY--TOPICAL TERM
Topical term or geographic name as entry element Science
650 ## - SUBJECT ADDED ENTRY--TOPICAL TERM
Topical term or geographic name as entry element Music
700 ## - ADDED ENTRY--PERSONAL NAME
Personal name Cross, Ian
700 ## - ADDED ENTRY--PERSONAL NAME
Personal name Ockelford, adam
700 ## - ADDED ENTRY--PERSONAL NAME
Personal name Welch, Graham F.
942 ## - ADDED ENTRY ELEMENTS (KOHA)
Koha item type Text Books
Holdings
Withdrawn status Lost status Damaged status Not for loan Collection code Home library Location Shelving location Date of Cataloging Source of acquisition Total Checkouts Full call number Barcode Date last seen Price effective from Koha item type
        Non-fiction CUTN Central Library CUTN Central Library Arts & Sports 29/04/2026 TBH Library Book Suppliers, Chennai - Invoice No. SINV00733 on 09-02-2026   780.721 EER 57727 29/04/2026 29/04/2026 Text Books